| 000 | 00328nam a2200121Ia 4500 | ||
|---|---|---|---|
| 008 | 230907s9999||||xx |||||||||||||| ||und|| | ||
| 082 | _a333.79323,HAR | ||
| 100 |
_aHarris, Chris, _9115173 |
||
| 245 | 0 | _aElectricity markets : | |
| 260 |
_aJohn Wiley & Sons Inc., _bHoboken, NJ : _c2006 |
||
| 300 | _axvii, 519 p. : | ||
| 942 | _cBK | ||
| 999 |
_c598134 _d598134 |
||